00355nam a2200109Ia 45000010005000000080041000050200022000460820027000681000029000952450100001242600021002243761241024s9999 xx 000 0 und d a978-9945-585-02-2 aR/RD/020.272D352c/2014 aBlanca Delgado Malagón 0aCatálogo de la biblioteca Arístides Incháustegui (BAI) en el Archivo General de Nación. bEd. Búhoc2014